| 000 | 00953cam a22002777a 4500 | ||
|---|---|---|---|
| 003 | CHAP | ||
| 005 | 20220329134510.0 | ||
| 008 | 971013s1951 r 00010 d | ||
| 010 | _a21229 | ||
| 011 | _a22201 | ||
| 035 | _a26294 | ||
| 040 | _cCHAP | ||
| 082 |
_a634.90973 _bB67 |
||
| 100 | 0 | 0 |
_aBorgo Bilia, Gumersindo. _913868 |
| 245 | 1 | 3 | _aEl servicio forestal de los Estados Unidos, algunas de sus prácticas y posible aplicación a las condiciones mexicanas |
| 260 |
_aMéxico, D. F. : _bBarrier, _c1951 |
||
| 300 |
_a196 p. _b: ilus. |
||
| 590 |
_aBATCH-UPD _b10 _c20130110 _lUCH01 _h1552 |
||
| 590 |
_aCONVERSION _b10 _c20130109 _lUCH01 _h1313 |
||
| 650 | 1 | 4 |
_aBosques _xE.U.A. _914129 |
| 901 | _aBK | ||
| 942 | _cLIBRO | ||
| 949 |
_a634.90973 B67 _bBC _cLIBRO _d-60729 _eLIBRO _h23491 _i26294 _si |
||
| 949 |
_a634.90973 B67 _bBC _cLIBRO _d-60730 _eLIBRO _fc.2 _h23492 _i26294 _si |
||
| 949 |
_a634.90973 B67 _bBC _cLIBRO _d-60732 _eLIBRO _fc.3 _h23493 _i26294 _si |
||
| 999 |
_c21229 _d21229 |
||